| 000 | 00271 a2200121 4500 | ||
|---|---|---|---|
| 999 |
_c321581 _d321581 |
||
| 001 | 86508 | ||
| 003 | NUST | ||
| 005 | 20180122161754.0 | ||
| 008 | 180122b xxu||||| |||| 00| 0 eng d | ||
| 082 | _a398.2 GHA | ||
| 100 |
_aAbdul Ghafoor _99529 |
||
| 245 |
_aLaahot Lamakan _hUrdu |
||
| 260 |
_aIslamabad _bLok Virsa _c1985 |
||
| 300 | _a56p. | ||
| 942 |
_aCAENUST _cBK _k398.2 GHA _2ddc |
||